Tvorba a používanie opravných položiek
Zákon č. 431/2002 Z. z. o účtovníctve. Tvorba opravných položiek. Druhy opravných položiek. Opravná položka k dlhodobému nehmotnému majetku a k dlhodobému hmotnému majetku. Opravná položka k nedokončenému dlhodobému nehmotnému majetku. Opravná položka k poskytnutým preddavkom na dlhodobý majetok. O...
Salvato in:
| Autore principale: | |
|---|---|
| Natura: | Capitolo di libro |
| Lingua: | slovacco |
| Soggetti: | |
| Tags: |
Nessun Tag, puoi essere il primo ad aggiungerne!!
|
MARC
| LEADER | 00000nla$a2200000$$$4500 | ||
|---|---|---|---|
| 001 | 0084720 | ||
| 005 | 20240502071947.1 | ||
| 041 | 0 | |a slo | |
| 044 | |a SK | ||
| 245 | 1 | 0 | |a Tvorba a používanie opravných položiek |c Mária Vépyová |
| 520 | |a Zákon č. 431/2002 Z. z. o účtovníctve. Tvorba opravných položiek. Druhy opravných položiek. Opravná položka k dlhodobému nehmotnému majetku a k dlhodobému hmotnému majetku. Opravná položka k nedokončenému dlhodobému nehmotnému majetku. Opravná položka k poskytnutým preddavkom na dlhodobý majetok. Opravná položka k dlhodobému finančnému majetku, k nadobudnutému majetku, k materiálu, k nedokončenej výrobe, k výrobkom, k tovaru, ku krátkodobému finančnému majetku, k pohľadávkam. Účtovanie a čerpanie opravných položiek. | ||
| 610 | 2 | 0 | |a položky opravné |
| 610 | 2 | 0 | |a zákony |
| 610 | 2 | 0 | |a majetok dlhodobý |
| 610 | 2 | 0 | |a majetok finančný |
| 610 | 2 | 0 | |a jednotka účtovná |
| 100 | 1 | |a Vépyová, Mária | |